[Event "Minsk Kupreichik Memorial op"]
[Site "Minsk"]
[Date "2018.06.23"]
[Round "9"]
[White "Hurman, Pavel"]
[Black "Girshgorn, Maria"]
[Result "0-1"]
[WhiteElo "1283"]
[BlackElo "1949"]
[PlyCount "122"]
[EventDate "2018.06.21"]
[EventType "swiss (rapid)"]
[EventRounds "11"]
[EventCountry "BLR"]
[SourceTitle "CBM 185 Extra"]
[Source "ChessBase"]
[SourceDate "2018.07.29"]
[SourceVersion "1"]
[SourceVersionDate "2018.07.29"]
[SourceQuality "1"]

1. e4 c6 2. d4 d5 3. exd5 cxd5 4. Bd3 Nc6 5. c3 Qc7 6. Nf3 Bg4 7. 0-0 Nf6 8. Re1 e6 9. Bg5 Be7 10. Nbd2 0-0 11. Qc2 h6 12. Bh4 Rac8 13. Qb3 Bxf3 14. Nxf3 Nh5 15. Bxe7 Qxe7 16. Ne5 Nf4 17. Bf1 Rc7 18. Qd1 Qg5 19. Qf3 Ng6 20. Nxg6 Qxg6 21. Bd3 Qg5 22. Qe3 Qxe3 23. fxe3 f5 24. c4 Nb4 25. Bb1 Rxc4 26. a3 Nc2 27. Bxc2 Rxc2 28. b4 Rfc8 29. Kf1 R8c3 30. Re2 Rxe2 31. Kxe2 Rc2+ 32. Kf3 Kf7 33. h3 g6 34. h4 Rc3 35. Kf4 Kf6 36. Ra2 g5+ 37. hxg5+ hxg5+ 38. Kf3 f4 39. Re2 Rxa3 40. Kf2 fxe3+ 41. Rxe3 Rxe3 42. Kxe3 e5 43. g4 a6 44. dxe5+ Kxe5 45. Kf3 d4 46. Ke2 Ke4 47. Kd2 d3 48. b5 axb5 49. Kd1 Ke3 50. Ke1 d2+ 51. Kd1 b6 52. Kc2 Ke2 53. Kc3 d1Q 54. Kb4 Qa4+ 55. Kc3 Qc4+ 56. Kb2 b4 57. Kb1 Kd1 58. Kb2 Qc2+ 59. Ka1 Qd2 60. Kb1 b3 61. Ka1 Qa2# 0-1

[Event "Minsk Kupreichik Memorial op"]
[Site "Minsk"]
[Date "2018.06.21"]
[Round "4"]
[White "Hurman, Pavel"]
[Black "Polovkov, Valery"]
[Result "0-1"]
[WhiteElo "1283"]
[BlackElo "1812"]
[PlyCount "35"]
[EventDate "2018.06.21"]
[EventType "swiss (rapid)"]
[EventRounds "11"]
[EventCountry "BLR"]
[SourceTitle "CBM 185 Extra"]
[Source "ChessBase"]
[SourceDate "2018.07.29"]
[SourceVersion "1"]
[SourceVersionDate "2018.07.29"]
[SourceQuality "1"]

1. e4 b6 2. d4 Bb7 3. Bd3 e6 4. c3 g6 5. Nf3 Bg7 6. 0-0 Ne7 7. Bg5 h6 8. Bf4 g5 9. Bg3 d6 10. Re1 Nd7 11. Nbd2 a6 12. Nc4 0-0 13. Nfd2 Ng6 14. Rf1 Nf4 15. Bxf4 gxf4 16. Qg4 e5 17. dxe5 dxe5 18. Bc2 0-1